000 00273nam a22001217a 4500
008 180928b xxu||||| |||| 00| 0 eng d
041 _aeng
080 _a510
100 _a821
101 _aMEK
245 _aBasic Mathematics for Engineers
_cAndres, P.G
942 _2udc
_cBK
999 _c48643
_d48643